000 01141ngm a22003130a 4500
001 PT19095
003 AR-LpoUNG
005 20210202000257.0
007 vd cvaizq
008 191001s1990||||ag |||||||||||||||||spa d
037 _c$9.96
040 _aAR-LpoUNG
_bspa
_cAR-LpoUNG
_eaacr
041 _aspa
044 _aag
082 0 _a946.081 259car
100 1 _aSaura, Carlos
_edir.
245 1 0 _aAy Carmela
260 _aSan Luis :
_bTranseuropa Video Entertainment,
_c1990.
300 _aVHS (104 min.) : son., col.
505 0 _aMusicalización: Alejandro Masso ; guión: Rafael Azcona.
520 _aDespués de que el ejército republicano les asignase la misión de entretener con su espectáculo de variedades a la tropa de primera línea, Carmela y Paulino regresan, junto a Gustavete, un joven mudo, a Valencia. Pero en el camino se pierden y entran en zona nacional, donde son detenidos y encerrados en un colegio donde se hacinan los prisioneros.
650 4 _aESPAÑA
650 4 _aGUERRA CIVIL
650 4 _aHISTORIA SOCIAL
651 4 _aEspaña
653 _aVIDEOS
905 _a19095
942 _cVIDEO
999 _c54512
_d54512